[Event "2018 WA State Championships"]
[Site "North Woodvale Primary School"]
[Date "2018.06.24"]
[Round "6"]
[White "Dunlop, Gordon"]
[Black "Ong, Celine"]
[WhiteElo "1895"]
[BlackElo "851"]
[Result "1-0"]

1. e4 e5 2. Nf3 Nc6 3. Bb5 a6 4. Ba4 d6 5. O-O Bd7 6. c3 Nf6 7. Re1 Be7 8.
d4 b5 9. Bc2 O-O 10. Nbd2 Re8 11. d5 Na5 12. a4 c6 13. axb5 axb5 14. b4 Nc4
15. Rxa8 Qxa8 16. Nxc4 bxc4 17. Bg5 cxd5 18. exd5 Nxd5 19. Bxe7 Rxe7 20.
Be4 Bc6 21. Ng5 Nxc3 22. Qxd6 Rd7 23. Qxd7 Bxe4 24. Qxf7+ Kh8 25. Nxe4 Nxe4
26. Qxc4 Nd6 27. Qc7 Ne4 28. Qxe5 Nf6 29. b5 Kg8 30. b6 Nd7 31. Qe6+ Kf8
32. Qe7+ Kg8 33. Qxd7 h6 34. Re8+ Kh7 35. Qf5+ g6 36. Qf7# 1-0

[Event "2018 WA State Championships"]
[Site "North Woodvale Primary School"]
[Date "2018.07.01"]
[Round "7"]
[White "Kurniawan, Stephanus"]
[Black "Ferozkohi, Ihsan"]
[WhiteElo "2369"]
[BlackElo "2238"]
[Result "1-0"]

1. e4 e6 2. Qe2 c5 3. Nf3 g6 4. g3 Bg7 5. Bg2 Ne7 6. O-O O-O 7. d3 Nbc6 8.
a4 b6 9. Na3 d5 10. c3 Bb7 11. h4 Na5 12. Qc2 d4 13. b4 cxb4 14. cxb4 Rc8
15. Qb1 Nac6 16. Bd2 Ne5 17. Nxe5 Bxe5 18. b5 a5 19. Qb3 Rc5 20. Nc4 Bg7
21. Bc1 Re8 22. Ba3 Rc7 23. Nd6 Rf8 24. Rac1 Ba8 25. Rxc7 Qxc7 26. Rc1 Qb8
27. Bh3 Be5 28. Nc4 Bxg3 29. fxg3 Qxg3+ 30. Bg2 Bxe4 31. Qc2 Bxg2 32. Qxg2
Qxh4 33. Nxb6 Rd8 34. Bxe7 Qxe7 35. Qg3 e5 36. Re1 f6 37. Nc4 Qb4 38. b6
Qxa4 39. Qf3 Qb4 40. Re2 Kg7 41. Qb7+ Kg8 42. Rf2 Qb1+ 43. Kg2 Qc1 44. Rd2
a4 45. Qc7 Rf8 46. b7 Qb1 47. Nb2 a3 48. b8=Q a2 49. Qbb7 1-0

[Event "2018 WA State Championships"]
[Site "North Woodvale Primary School"]
[Date "2018.07.01"]
[Round "7"]
[White "Gong, Patrick"]
[Black "Lakner, Jay"]
[WhiteElo "2352"]
[BlackElo "2098"]
[Result "1-0"]

1. e4 e5 2. Nc3 Nc6 3. Nf3 Nf6 4. d4 exd4 5. Nxd4 Bb4 6. Nxc6 Bxc3+ 7. bxc3
bxc6 8. Bd3 d6 9. O-O O-O 10. Qf3 Ng4 11. Qg3 h5 12. f4 f5 13. h3 h4 14.
Qf3 Nh6 15. e5 d5 16. Ba3 Re8 17. Rab1 g6 18. Qe3 Nf7 19. g4 hxg3 20. Qxg3
Kg7 21. Bc5 Rh8 22. e6 Bxe6 23. Bd4+ Kh7 24. Bxh8 Kxh8 25. Kh2 Qf6 26. Rb7
Rc8 27. Rxa7 Nd6 28. Rg1 Kg7 29. Qg5 Qxg5 30. Rxg5 Kf6 31. Rg1 Nb5 32. Bxb5
cxb5 33. Re1 c6 34. Kg3 Rd8 35. Rc7 Rd6 36. h4 Bd7 37. Kf3 d4 38. Rd1 Be6
39. Rxd4 Bd5+ 40. Kf2 Re6 41. a4 bxa4 42. Rxa4 Re8 43. Rd4 Rh8 44. c4 Be4
45. Rd6# 1-0

[Event "2018 WA State Championships"]
[Site "North Woodvale Primary School"]
[Date "2018.07.01"]
[Round "7"]
[White "Kinsman, Craig"]
[Black "Hardegen, Andrew"]
[WhiteElo "1961"]
[BlackElo "2131"]
[Result "1/2-1/2"]

1. e4 e6 2. d4 d5 3. e5 c5 4. c3 Nc6 5. Nf3 Bd7 6. Be2 Nge7 7. Na3 cxd4 8.
cxd4 Nf5 9. Nc2 Rc8 10. O-O Be7 11. Be3 Qb6 12. b3 Nb4 13. Nxb4 Nxe3 14.
fxe3 Qxb4 15. Bd3 O-O 16. Rc1 Rxc1 17. Qxc1 Rc8 18. Qb1 g6 19. Rc1 Rxc1+
20. Qxc1 Qa5 21. Qc2 Bf8 22. Kf2 Bb5 23. Bxb5 Qxb5 24. g4 h6 25. h3 a5 26.
Ne1 Qb4 27. Nd3 Qa3 28. Nf4 Kg7 29. Kf3 b5 30. h4 Qe7 31. Kg3 Qb7 32. h5 g5
33. Nd3 b4 34. Nf2 Qb5 35. Kg2 Be7 36. e4 dxe4 37. Qxe4 a4 38. Qd3 Qb7+ 39.
Ne4 axb3 40. axb3 Qc6 41. Kf2 Qc1 42. Qe3 Qc2+ 43. Kg3 Qd1 44. Nd6 Bxd6 45.
exd6 Kf8 46. Qe5 Qxb3+ 47. Kf2 Qc2+ 48. Ke1 Qc3+ 49. Ke2 1/2-1/2

[Event "2018 WA State Championships"]
[Site "North Woodvale Primary School"]
[Date "2018.07.01"]
[Round "7"]
[White "Maris, Natalie"]
[Black "Kelly, Adam"]
[WhiteElo "1679"]
[BlackElo "2104"]
[Result "0-1"]

1. e4 e5 2. Nf3 Nc6 3. d4 exd4 4. Nxd4 Nf6 5. Nxc6 bxc6 6. e5 Qe7 7. Qe2
Nd5 8. c4 Nb6 9. b3 a5 10. a4 Qe6 11. Bb2 Bb4+ 12. Nd2 Bb7 13. Rd1 O-O-O
14. Qe3 Rhe8 15. Be2 d6 16. O-O dxe5 17. Ne4 f6 18. Bc3 Qe7 19. Bg4+ Kb8
20. Bxb4 Qxb4 21. Nc5 g6 22. Bf3 Ka7 23. Nxb7 Kxb7 24. Qe4 Qc5 25. g4 Rd6
26. Rd3 Red8 27. Rfd1 Rxd3 28. Rxd3 Rxd3 29. Qxd3 Qd4 30. Qc2 Nd7 31. Qe4
Qxe4 32. Bxe4 Nc5 33. Bc2 Kc8 34. f3 Kd7 35. Kf2 Ke6 36. Ke3 g5 37. Kd2 h6
38. Kc3 Na6 39. Be4 Kd6 40. h3 Kc5 41. Bf5 Kb6 42. Bc2 Nc5 43. Bf5 Nb7 44.
b4 axb4+ 45. Kxb4 c5+ 46. Kb3 Na5+ 47. Kc3 Nc6 48. Be4 Nd4 49. Kb2 Ka5 50.
Ka3 Ne2 51. Bd3 Ng1 52. Be4 Nxh3 53. Bc6 Nf4 54. Kb3 Ne2 55. Kb2 Kb4 56.
Kb1 Nd4 57. Bd5 Kxa4 58. Kc1 Kb4 59. Kd2 c6 60. Be4 Kxc4 61. Ke3 Kb3 0-1

[Event "2018 WA State Championships"]
[Site "North Woodvale Primary School"]
[Date "2018.07.01"]
[Round "7"]
[White "Maris, Robert"]
[Black "Fu, Yihe (Rebo)"]
[WhiteElo "1987"]
[BlackElo "1892"]
[Result "1-0"]

1. c4 e5 2. Nc3 Nf6 3. Nf3 Nc6 4. g3 d5 5. cxd5 Nxd5 6. Bg2 Be6 7. O-O Be7
8. d4 exd4 9. Nxd4 Nxd4 10. Qxd4 Bf6 11. Qa4+ c6 12. Nxd5 Bxd5 13. Rd1 b5
14. Qc2 Qa5 15. Bxd5 O-O 16. Bxc6 Rac8 17. Qe4 Qb6 18. Bd5 Rfe8 19. Qd3
Red8 20. e4 Qa6 21. Qb3 Rd7 22. Bf4 Kh8 23. e5 Be7 24. Bxf7 Rdc7 25. Be6
Re8 26. Bd7 Rf8 27. Qe6 Qxe6 28. Bxe6 Rc2 29. Rd2 Rc6 30. Bd7 Rg6 31. Be3
a6 32. f4 Bb4 33. Rd5 Rd8 34. Rad1 Be7 35. f5 Rg4 36. f6 1-0

[Event "2018 WA State Championships"]
[Site "North Woodvale Primary School"]
[Date "2018.07.01"]
[Round "7"]
[White "Maggs, Derwent"]
[Black "Barry, David"]
[WhiteElo "2257"]
[BlackElo "1480"]
[Result "1-0"]

1. d4 Nf6 2. Bg5 d5 3. e3 e6 4. c4 Bb4+ 5. Nc3 c5 6. Bxf6 Qxf6 7. cxd5 exd5
8. Bb5+ Nc6 9. Ne2 O-O 10. dxc5 Rd8 11. Bxc6 Qxc6 12. O-O Bxc5 13. Rc1 Be7
14. Qb3 Qc4 15. Nd4 Qxb3 16. Nxb3 Be6 17. Nd4 Rac8 18. Ncb5 Bc5 19. Rc2
Bxd4 20. Nxd4 Rxc2 21. Nxc2 Rc8 22. Nd4 a6 23. Rd1 Kf8 24. h3 h5 25. f4 g6
26. Kf2 Ke7 27. Rd3 Rc7 28. Rb3 Kd7 29. Rb6 Ke7 30. Kg3 Kf6 31. a4 Ke7 32.
Kh4 Bd7 33. a5 Bc8 34. f5 Bxf5 35. Nxf5+ gxf5 36. Kg5 Ke8 37. Kxf5 Rc2 38.
g4 hxg4 39. hxg4 Rf2+ 40. Ke5 Rf3 41. Rb3 d4 42. Kxd4 Rg3 43. Rxb7 Rxg4+
44. Kd5 Rg6 45. b4 Rg5+ 46. Kd6 Rg6+ 47. Kc5 Re6 48. Rb6 Rxe3 49. Rxa6 Re5+
50. Kd4 Rh5 51. Rc6 f5 52. a6 Rh7 53. b5 Re7 54. b6 f4 55. a7 1-0

[Event "2018 WA State Championships"]
[Site "North Woodvale Primary School"]
[Date "2018.07.01"]
[Round "7"]
[White "Simonds, Marcus"]
[Black "Wolstencroft, Alan"]
[WhiteElo "1725"]
[BlackElo "1753"]
[Result "0-1"]

1. d4 Nf6 2. Bf4 d6 3. Nc3 c6 4. e4 g6 5. Qd2 b5 6. f3 Bg7 7. Bh6 O-O 8.
Bxg7 Kxg7 9. O-O-O b4 10. Nce2 Qa5 11. Kb1 Nbd7 12. Nc1 Qb6 13. g4 a5 14.
h4 h5 15. g5 Ne8 16. f4 a4 17. Bc4 Ba6 18. Qd3 Nc7 19. Nf3 d5 20. Bxa6 Rxa6
21. f5 Nb5 22. Ne2 dxe4 23. Qxe4 b3 24. c3 Nd6 25. Qxe7 bxa2+ 26. Ka1 a3
27. b4 Nxf5 28. Qxd7 Rd8 29. Ne5 Rxd7 30. Nxd7 Qb5 31. Nc1 Ne3 32. Rd2 Qd5
33. Re1 Qxd7 34. Rxe3 Qd5 35. Re1 Qf3 36. Nxa2 Qg3 37. Rh1 Ra7 38. Re2 Rd7
39. Rd2 Rd5 40. c4 Rf5 41. Rhd1 Qxh4 42. d5 cxd5 43. cxd5 Qxg5 44. d6 Qf6+
45. Kb1 Rd5 46. d7 Rxd7 0-1

[Event "2018 WA State Championships"]
[Site "North Woodvale Primary School"]
[Date "2018.07.01"]
[Round "7"]
[White "Gale, Brian"]
[Black "Hintz, Steven"]
[WhiteElo "1502"]
[BlackElo "1592"]
[Result "1/2-1/2"]

1. e4 c5 2. Nf3 Nc6 3. Bb5 g6 4. Bxc6 bxc6 5. d3 Bg7 6. O-O d5 7. Qe2 d4 8.
Nbd2 Ba6 9. b3 e5 10. Nc4 Bxc4 11. bxc4 Ne7 12. a4 O-O 13. Qd2 a5 14. Ba3
Qb6 15. Rab1 Qa7 16. Rb3 Rfb8 17. Rfb1 Rxb3 18. Rxb3 f6 19. Qe1 Bf8 20. Qb1
Nc8 21. Rb7 Qa6 22. Kf1 Ra7 23. Rb8 Ra8 24. Qb7 Qxb7 25. Rxb7 Bd6 26. Nd2
Rb8 27. Rxb8 Bxb8 28. Nb3 Bc7 29. Bxc5 Nb6 30. Bxb6 Bxb6 31. Ke2 c5 32. Kd2
Kf7 33. c3 Ke6 34. g3 f5 35. cxd4 exd4 36. f4 h5 37. e5 g5 38. Ke2 g4 39.
Kf2 Kd7 40. Kg2 Ke6 41. h3 Kd7 42. hxg4 hxg4 43. Nd2 Ke6 44. Nb1 Kd7 45.
Na3 Kc6 46. Nb5 Bc7 47. e6 Bb8 48. Kf2 Bc7 1/2-1/2

[Event "2018 WA State Championships"]
[Site "North Woodvale Primary School"]
[Date "2018.07.01"]
[Round "7"]
[White "Gao, Oscar"]
[Black "Dunlop, Gordon"]
[WhiteElo "763"]
[BlackElo "1895"]
[Result "0-1"]

1. e4 c5 2. Nf3 Nc6 3. c3 d5 4. exd5 Qxd5 5. d4 Nf6 6. Bd3 Bg4 7. c4 Qe6+
8. Be2 Bxf3 9. gxf3 Nxd4 10. Be3 O-O-O 11. Qa4 a6 12. Nc3 Qd7 13. Qxd7+
Rxd7 14. O-O-O Nxe2+ 15. Nxe2 Rxd1+ 16. Rxd1 e6 17. Nc3 Be7 18. Ne4 Nxe4
19. fxe4 Rd8 20. Rxd8+ Kxd8 21. Kd2 Kd7 22. Kd3 g5 23. e5 b6 24. f3 h5 25.
h3 Ke8 26. b4 Kf8 27. bxc5 bxc5 28. Ke4 Kg7 29. a4 Kg6 30. Bd2 Kg7 31. Ba5
f5+ 32. exf6+ Bxf6 33. Bc7 Kf7 34. Bg3 Bd4 35. f4 Kf6 36. Be1 e5 37. f5 Kf7
38. h4 g4 39. Bg3 Ke7 40. Be1 Kf6 41. Bg3 Bc3 42. Bh2 Ke7 43. Bg3 Bd4 44.
Be1 Bg1 45. Bg3 Bd4 46. Be1 Kf6 47. Bg3 Bc3 48. Bh2 Be1 49. Bxe5+ Kf7 50.
Bh2 Bxh4 51. Bg1 Be7 52. Kf4 Kf6 53. Bf2 Bd6+ 54. Ke4 g3 55. Bg1 h4 56. Kd5
Be7 57. Bxc5 Bxc5 58. Kxc5 g2 59. Kb6 g1=Q+ 60. Kxa6 Qc5 61. Kb7 Qa5 62. c5
Qxc5 63. Ka6 h3 64. a5 h2 65. Kb7 h1=Q+ 66. Kb8 Qh8+ 67. Kb7 Qhc8# 0-1

[Event "2018 WA State Championships"]
[Site "North Woodvale Primary School"]
[Date "2018.07.01"]
[Round "7"]
[White "Ong, Celine"]
[Black "Milovanovic, Stevica"]
[WhiteElo "851"]
[BlackElo "1208"]
[Result "0-1"]

1. e4 d5 2. c3 dxe4 3. Qa4+ Nc6 4. Qxe4 Nf6 5. Qc2 e5 6. Nf3 Bd6 7. Bc4 h6
8. d4 exd4 9. cxd4 Qe7+ 10. Be3 Nb4 11. Qb3 Be6 12. O-O O-O 13. Nc3 Bxc4
14. Qxc4 Nc2 15. Rad1 Nxe3 16. fxe3 Qxe3+ 17. Kh1 Ng4 18. Rd2 Nxh2 19. Re1
Qf4 20. Ne2 Qf5 21. Nxh2 Qh5 22. g3 Rfe8 23. Kg2 b5 24. Qb3 a5 25. a3 Qg5
26. Red1 Re3 27. Qc2 Rae8 28. Nf1 Qd5+ 29. Kh3 Qh5+ 30. Kg2 Qf3+ 31. Kh3
Rxe2 32. Rxe2 Rxe2 33. Qc1 Qh5# 0-1